Statistics for Guess the Soccer Player by Picture

Click here to take the quiz!

General Stats

  • This quiz has been taken 2,595 times
  • The average score is 10 of 12

Answer Stats

Answer% Correct
Messi
98%
Bale
96%
Rooney
93%
Suarez
92%
Aguero
90%
Iniesta
89%
Gerrard
84%
Henry
84%
Lampard
84%
Vardy
80%
Fellaini
60%
Shearer
50%

Score Distribution

Percentile by Number Answered

Percent of People with Each Score

Your Score History

You have not taken this quiz